| 000 | 00683nam a2200169 i 4500 | ||
|---|---|---|---|
| 001 | 182479 | ||
| 003 | ES-MaACL | ||
| 005 | 20230906221624.0 | ||
| 008 | 130823s1883 sp |||| | spa d | ||
| 110 | 2 |
_aEscuela de Artes y Oficios (Bilbao) _9134362 |
|
| 245 | 1 | 0 | _aActo solemne de la inauguración del curso de 1882 a 1883 y repartición de premios a las alumnas y alumnos de la Escuela de Artes y Oficios de Bilbao. |
| 260 |
_aBilbao : _b[s.n.], _c1883 ( _fEst. tip. de la Viuda de Delmas) |
||
| 300 |
_a19 p. ; _c20 cm. |
||
| 505 | 8 | _aContiene la memoria del curso 1881-1882 | |
| 610 | 2 | 4 |
_aEscuela de Artes y Oficios (Bilbao)- _vMemorias. _9153306 |
| 852 |
_aES-MaACL _jT-360-F-11 |
||
| 999 |
_c182479 _d182479 |
||